ASOIAF - Stormland Houses COAs - Statistics

General Stats
  • This quiz has been taken 92 times
  • The average score is 14 of 22
Answer Stats
Picture Answer % Correct
Baratheon
100%
Seaworth
96%
Swann
96%
Dondarrion
93%
Connington
91%
Selmy
91%
Tarth
91%
Estermont
89%
Trant
77%
Penrose
70%
Caron
64%
Grandison
48%
Wylde
46%
Buckler
45%
Morrigen
45%
Fell
43%
Horpe
39%
Lonmouth
39%
Peasebury
36%
Mertyns
32%
Cafferen
27%
Erol
23%
No matching quizzes found
Score Distribution
Percent of People with Each Score
Percentile by Number Answered
Your Score History
You have not taken this quiz